000 00322nam a2200133 i 4500
001 bg
100 1 _aPROTOPOV, I. I.
245 0 _aAvtomatizacija processov proizvodstwa syra /
_cI.I. Protopov.
260 _aMoskwa,
_c1982.
040 _cBPK
041 _apol
942 _cKS
008 s pl f |000 0 pol
999 _c28441
_d28441
856 _uhttp://koha.tu.koszalin.pl/cgi-bin/koha/opac-detail.pl?biblionumber=28441
_yKatalog online BPK